| 000 | 003320000a22001450004500 | ||
|---|---|---|---|
| 003 | MACL | ||
| 040 | _aMACL | ||
| 090 |
_c43258 _d43256 |
||
| 100 | _aRattu, Dr K K | ||
| 245 | _aTranslation Through Media in New Millennium | ||
| 260 |
_bSurabhi Publications _c2008 |
||
| 350 | _a225 | ||
| 650 | _aJournalism | ||
| 942 |
_cBOOK _k070/RAT |
||
| 999 |
_c42803 _d42803 |
||